000
00258nam a22001097a 4500
082
_a
001
100
_a
Malayala Manorma
_9
83585
245
_a
MANORAMA Yearbook 2026
260
_a
Delhi
_b
Malayala Manorma
_c
2026
650
_a
General book
_9
83586
942
_c
BK
999
_c
68529
_d
68529